000 00848nam0a2200301 4500
001 RU\NLR\bibl\54015
005 20250616085041.0
010 _a5-05-004788-9
_965000
021 _aRU
_b99-12866п
_9449п
035 _a(NLR Aleph) 000052703
090 _a283213
_c283213
100 _a19991020d1999 |||y0rusy50 ca
101 1 _arus
_ceng
102 _aRU
105 _aa |||||||||
200 1 _aХрупкий брак
_eРоман
_fПер. с англ. [Е. Медниковой]
210 _aМ.
_cРадуга
_d1999
215 _a188 с.
_d17
225 1 _aЛюбовный роман
686 _aШ6(4Вл)67-440.4
700 1 _aЭш
_bР.
_gРозали
_4070
801 0 _aRU
_bNLR
_c19991020
_gPSBO
801 1 _aRU
_bNLR
_c19991020
852 _aNLR
_j99-2/2351
942 _cBOOK
980 _aNB